00575nam a2200157Ia 4500999001700000082001200017100001800029245009300047260004600140300000900186650003600195700002100231710004000252942001200292952011300304 c20803d20803 aRS.0121 aSaksena, D.N. 0aSterilization programme in Uttar Pradesh during 1970s :bDynamics of qualitative aspects c1983bPopulation Research Centre, Lucknow a98p. aFAMILY PLANNING - UTTAR PRADESH aSrivastava, J.N. aPopulation Research Centre, Lucknow cRP2ddc 00104070aNASSDOCbNASSDOCd2004-10-08i2004-10-22l0oRS.0121p19729r2019-04-18 00:00:00w2019-04-18yRP